000
00309nam a22001337a 4500
008
181015b xxu||||| |||| 00| 0 eng d
020
_a
080539613
041
_a
eng
080
_2
4 ed
_a
573
100
_a
11
101
_a
BIO
245
_a
Molecular Biology Of The Gene
_c
Watson .h
942
_2
udc
_c
BK
999
_c
49750
_d
49750